UM Logo

Kamayan Grill/ (Record no. 7244)

MARC details
000 -LEADER
fixed length control field 00751nam a22001937a 4500
008 - FIXED-LENGTH DATA ELEMENTS--GENERAL INFORMATION
fixed length control field 170811b xxu||||| |||| 00| 0 eng d
082 ## - DEWEY DECIMAL CLASSIFICATION NUMBER
Edition number 2016
Classification number UT 0831
Item number Al16
100 ## - MAIN ENTRY--PERSONAL NAME
9 (RLIN) 21948
Personal name Alcasid, Cleo Jane A.
245 ## - TITLE STATEMENT
Title Kamayan Grill/
Statement of responsibility, etc. Cleo Jane A. Alcasid, Chreslie Cole, Jeamuel Jan Concha, Prince Segmond Hermosisima, Antonette Manlangit and Analyn Noya.
260 ## - PUBLICATION, DISTRIBUTION, ETC. (IMPRINT)
Place of publication, distribution, etc. Digos City:
Name of publisher, distributor, etc. UMDC
Date of publication, distribution, etc. 2016.
300 ## - PHYSICAL DESCRIPTION
Extent 27 pages;
Dimensions 29 cm.
650 #0 - SUBJECT ADDED ENTRY--TOPICAL TERM
9 (RLIN) 21950
Topical term or geographic name as entry element Business Administration
Form subdivision Financial Management
General subdivision Undergraduate thesis.
700 ## - ADDED ENTRY--PERSONAL NAME
9 (RLIN) 21951
Personal name Cole, Chreslie.
700 ## - ADDED ENTRY--PERSONAL NAME
9 (RLIN) 21952
Personal name Concha, Jeamuel Jan.
700 ## - ADDED ENTRY--PERSONAL NAME
9 (RLIN) 21953
Personal name Hermosisima, Prince Segmond.
700 ## - ADDED ENTRY--PERSONAL NAME
9 (RLIN) 21954
Personal name Manlangit, Antonette.
700 ## - ADDED ENTRY--PERSONAL NAME
9 (RLIN) 21955
Personal name Noya, Analyn.
942 ## - ADDED ENTRY ELEMENTS (KOHA)
Source of classification or shelving scheme Dewey Decimal Classification
Koha item type Undergraduate Thesis
Holdings
Withdrawn status Lost status Source of classification or shelving scheme Damaged status Not for loan Collection code Home library Current library Date acquired Total Checkouts Full call number Barcode Date last seen Copy number Price effective from Koha item type
    Dewey Decimal Classification     Undergraduate Theses UM Digos College - LIC UM Digos College - LIC 04/24/2017   UT 0831 Al16 UT0831 08/11/2017 1 08/11/2017 Undergraduate Thesis